[Event "Invitation"]
[Site "http://www.queenalice.com/game.php?id=808961"]
[Date "2010.7.26"]
[Round "-"]
[White "eestijama"]
[Black "arvo1938"]
[Result "0-1"]
[WhiteElo "1432"]
[BlackElo "2377"]

1. e4 e5 2. Nf3 Nc6 3. Bb5 a6 4. Bxc6 dxc6 5. d4 exd4 6. Qxd4 Qxd4 7. Nxd4 Bd7
8. O-O O-O-O 9. Be3 c5 10. Nb3 b6 11. Nc3 f5 12. e5 Be7 13. a4 Bc6 14. a5 Kb7
15. Rfd1 Nh6 16. h3 g5 17. g3 Nf7 18. f4 gxf4 19. Bxf4 c4 20. Nd4 Bc5 21. Be3
Nxe5 22. Nxf5 Bxe3+ 23. Nxe3 Rdg8 24. g4 h5 25. Kf2 hxg4 26. hxg4 Rf8+ 27. Ke1
Rh2 28. Ncd5 Rff2 29. b4 Nf3# 0-1

[Event "Global Thermonuclear Warfare"]
[Site "http://www.queenalice.com/game.php?id=808966"]
[Date "2010.7.26"]
[Round "-"]
[White "spawnwolfwolverine"]
[Black "eestijama"]
[Result "0-1"]
[WhiteElo "1616"]
[BlackElo "1538"]

1. d4 d5 2. e3 Nf6 3. g3 Nc6 4. Bg2 e5 5. dxe5 Nxe5 6. Nf3 Bg4 7. O-O Bc5 8. Nc3
c6 9. a3 O-O 10. b4 Bb6 11. a4 a5 12. b5 Ne4 13. Qe1 Bxf3 14. Nxe4 Bxg2 15. Kxg2
dxe4 16. f4 Nf3 17. Rxf3 exf3+ 18. Kxf3 cxb5 19. axb5 Qd5+ 20. e4 Qxb5 21. Be3
Bxe3 22. Qxe3 b6 23. h4 Qc5 24. Qxc5 bxc5 25. e5 f5 26. g4 g6 27. gxf5 gxf5 28.
h5 h6 29. Ra3 a4 30. Ke3 Rfb8 31. Kd3 Rb4 32. Ke3 Kf7 33. Rd3 Ra7 34. Ra3 Ke6
35. Kf3 Rc4 36. c3 Re4 37. Kg3 Kd5 38. Kf3 Kc4 39. Kg3 Re3+ 40. Kf2 Rxc3 41.
Rxc3+ Kxc3 42. e6 a3 43. e7 Rxe7 44. Kf3 a2 45. Kg3 a1=Q 46. Kh3 Qf1+ 47. Kh4
Qf2+ 48. Kh3 Re3# 0-1

[Event "AUTO-INT-1769"]
[Site "http://www.queenalice.com/game.php?id=809096"]
[Date "2010.7.26"]
[Round "1"]
[White "eestijama"]
[Black "H3nri_AnArquiA_"]
[Result "0-1"]
[WhiteElo "1432"]
[BlackElo "1381"]

1. d4 d5 2. c4 c6 3. cxd5 cxd5 4. Nc3 Nf6 5. Bg5 h6 6. Bxf6 exf6 7. e4 Bb4 8.
Qb3 Bxc3+ 9. Qxc3 dxe4 10. Qc5 Nc6 11. d5 Qa5+ 12. Qxa5 Nxa5 13. Bb5+ Bd7 14.
Bxd7+ Kxd7 15. Ne2 Rac8 16. O-O Rc2 17. Ng3 Rxb2 18. Nxe4 b6 19. f3 Rc8 20. Rf2
Rxf2 21. Nxf2 Rc5 22. Rd1 Nc4 23. Ne4 Ra5 24. Rc1 Ne3 25. d6 Nd5 26. Rc2 f5 27.
Nd2 Rc5 28. Rxc5 bxc5 29. Nc4 Nb6 30. Nxb6+ axb6 31. Kf2 Kxd6 32. Ke3 Kd5 33.
Kd3 b5 34. Kc3 b4+ 35. Kd2 Kd4 36. h3 f4 0-1

[Event "AUTO-INT-1769"]
[Site "http://www.queenalice.com/game.php?id=809097"]
[Date "2010.7.26"]
[Round "1"]
[White "H3nri_AnArquiA_"]
[Black "eestijama"]
[Result "1-0"]
[WhiteElo "1399"]
[BlackElo "1375"]

1. e4 c6 2. d4 d5 3. e5 Bf5 4. Bd3 Qd7 5. Bxf5 Qxf5 6. Nf3 e6 7. O-O h6 8. c3 f6
9. Re1 Nd7 10. exf6 Qxf6 11. Qe2 O-O-O 12. Qxe6 Qxe6 13. Rxe6 Ndf6 14. Bf4 c5
15. Nbd2 cxd4 16. Nxd4 Bc5 17. Be5 Re8 18. Rxe8+ Nxe8 19. Ne6 Ngf6 20. Nxc5 Ng4
21. Bg3 Nc7 22. Bxc7 Kxc7 23. Re1 Kd6 24. b4 b6 25. h3 Nxf2 26. Kxf2 bxc5 27.
bxc5+ Kxc5 28. Re7 g5 29. Rxa7 h5 30. Rg7 Rf8+ 31. Ke3 Rf5 32. Nf3 g4 33. hxg4
hxg4 34. Rxg4 Kb5 35. Nd4+ Kc4 36. Nxf5+ Kxc3 37. a4 1-0

[Event "AUTO-INT-1769"]
[Site "http://www.queenalice.com/game.php?id=809098"]
[Date "2010.7.26"]
[Round "1"]
[White "eestijama"]
[Black "Taimanovbr"]
[Result "1-0"]
[WhiteElo "1444"]
[BlackElo "1673"]

1. e4 c5 2. Nf3 d6 3. d4 cxd4 4. Nxd4 Nf6 5. Nc3 a6 6. Bg5 e6 7. Bc4 Be7 8. Qf3
b5 9. Bd3 Bb7 10. O-O O-O 11. Nde2 Nbd7 12. Nf4 Nc5 13. b4 Nxd3 14. cxd3 Rc8 15.
d4 h6 16. Bxf6 Bxf6 17. Nfe2 Rc4 18. a3 Qc7 19. Qe3 Rc8 20. Rac1 Qb6 21. Rfd1 e5
22. dxe5 dxe5 23. Qxb6 1-0

[Event "AUTO-INT-1769"]
[Site "http://www.queenalice.com/game.php?id=809099"]
[Date "2010.7.26"]
[Round "1"]
[White "Taimanovbr"]
[Black "eestijama"]
[Result "0-1"]
[WhiteElo "1641"]
[BlackElo "1497"]

1. d4 d5 2. Nf3 Nf6 3. c4 dxc4 4. Nc3 e6 5. e3 Bb4 6. Bxc4 Ne4 7. Qc2 Nd6 8. Bd3
b6 9. O-O Bb7 10. Nd2 Qg5 11. Nde4 Qe7 12. Nxd6+ cxd6 13. Ne2 d5 14. a3 Bd6 15.
b4 g6 16. Bb2 O-O 17. Rac1 Nd7 18. Qd2 Nf6 19. Rfe1 Ng4 20. Ng3 Qh4 21. h3 Nf6
22. Nf1 Ne4 23. Qe2 Rfe8 24. Qf3 Ng5 25. Qg4 Qxg4 26. hxg4 h6 27. Nd2 Ne4 28. f3
Nxd2 0-1

[Event "Challenge"]
[Site "http://www.queenalice.com/game.php?id=820189"]
[Date "2010.8.19"]
[Round "-"]
[White "eestijama"]
[Black "vinoseco"]
[Result "1-0"]
[WhiteElo "1573"]
[BlackElo "1302"]

1. e4 Nf6 2. d3 e5 3. Nf3 Nc6 4. Be2 Bb4+ 5. Bd2 Bc5 6. O-O O-O 7. Bc3 d6 8. d4
Bb6 9. d5 Ne7 10. Nbd2 Ng4 11. Nc4 h5 12. Qd3 Ng6 13. Bd2 Bd4 14. Nxd4 Qh4 15.
Nf3 Qf6 16. Bg5 Nf4 17. Bxf6 Nxd3 18. Bxg7 Nf4 19. Bxf8 Nxe2+ 20. Kh1 Kxf8 21.
g3 Nf6 22. Ncd2 a5 23. c3 Ng4 24. Kg2 a4 25. Rfe1 Nxg3 26. hxg3 a3 27. b3 Ra5
28. c4 b6 29. Nh4 Nf6 30. f3 Bd7 31. Nf5 Nh7 32. Rh1 Nf6 33. g4 hxg4 34. Rh8+
Ng8 35. fxg4 f6 36. Rh7 Be8 37. Rah1 b5 38. Rg7 Bd7 39. Rh8 1-0

[Event "WOPR"]
[Site "http://www.queenalice.com/game.php?id=821121"]
[Date "2010.8.21"]
[Round "-"]
[White "eestijama"]
[Black "MariusLola"]
[Result "1-0"]
[WhiteElo "1582"]
[BlackElo "1483"]

1. e4 d5 2. exd5 Nf6 3. c4 e6 4. dxe6 Bxe6 5. Nf3 c5 6. Be2 Nc6 7. O-O Nd4 8. d3
Bd6 9. Be3 Bc7 10. Bxd4 cxd4 11. Nbd2 O-O 12. Nb3 Be5 13. Nxe5 Qd6 14. Nf3 Ng4
15. c5 Qc7 16. Nbxd4 Bd5 17. Nb5 Qb8 18. g3 a6 19. Nd6 Qc7 20. d4 Nf6 21. Ne5 b6
22. b4 bxc5 23. bxc5 Ne4 24. Nxe4 Bxe4 25. Bf3 Bxf3 26. Qxf3 Rad8 27. Rfd1 f6
28. Nc4 Rd7 29. Nd6 Rb8 30. Qe2 Qc6 31. Qe6+ Kf8 32. d5 Rxd6 33. cxd6 Re8 34.
dxc6 Rxe6 35. c7 1-0

[Event "WOPR"]
[Site "http://www.queenalice.com/game.php?id=821122"]
[Date "2010.8.21"]
[Round "-"]
[White "Scaracioli"]
[Black "eestijama"]
[Result "1/2-1/2"]
[WhiteElo "1591"]
[BlackElo "1581"]

1. e4 d5 2. e5 Nc6 3. d4 Bf5 4. h3 Nb4 5. Bd3 Bxd3 6. cxd3 e6 7. a3 Nc6 8. b4
Nxd4 9. Bb2 c5 10. bxc5 Bxc5 11. Bxd4 Qa5+ 12. Bc3 Bxf2+ 13. Kxf2 Qc5+ 14. Kf1
d4 15. Bb4 Qxe5 16. Nf3 Qb5 17. Nbd2 Qxd3+ 18. Qe2 Qf5 19. g4 Qd5 20. Qd3 a5 21.
Qxd4 axb4 22. Qxd5 exd5 23. a4 Nf6 24. Re1+ Kd8 25. Ra1 Ne4 26. Nxe4 dxe4 27.
Ne5 Ke7 28. Re1 Rxa4 29. Rxe4 Re8 30. Nf3+ Kf8 31. Rxe8+ Kxe8 32. Kg2 b3 33. Rb1
Rb4 34. Rb2 Kd7 35. Nd2 Ke7 36. Rxb3 Rxb3 37. Nxb3 Kf6 38. Nc5 b5 39. Kf3 h5 40.
Nd7+ Kg5 41. Ne5 hxg4+ 42. hxg4 f6 43. Nf7+ Kg6 44. Nd6 b4 45. Kf4 b3 46. Nc4
Kf7 47. Ke3 g5 48. Kd2 Ke6 49. Kc3 f5 50. gxf5+ Kxf5 51. Kxb3 Kf4 52. Kc3 g4 53.
Kd2 g3 54. Ke2 g2 55. Kf2 g1=Q+ 56. Kxg1 1/2-1/2

[Event "Challenge"]
[Site "http://www.queenalice.com/game.php?id=822364"]
[Date "2010.8.24"]
[Round "-"]
[White "Scaracioli"]
[Black "eestijama"]
[Result "0-1"]
[WhiteElo "1722"]
[BlackElo "1599"]

1. e4 c6 2. d4 d5 3. e5 Bf5 4. h3 g6 5. g4 Bd7 6. b4 e6 7. h4 a5 8. c3 axb4 9.
cxb4 Qb6 10. a3 Bxb4+ 11. Ke2 c5 12. Bd2 Bxd2 13. Nxd2 Bb5+ 14. Kf3 Bxf1 15.
dxc5 Qxc5 16. Nxf1 Rxa3+ 17. Rxa3 Qxa3+ 18. Kg2 Ne7 19. Nf3 Nbc6 20. Rh3 Qa4 21.
N3h2 Qxd1 22. Re3 O-O 23. Nf3 Nd4 24. Nxd4 Qxg4+ 25. Ng3 Qxd4 26. Ne2 Qxh4 27.
Rh3 Qg5+ 28. Rg3 Qxe5 29. Re3 Qd6 30. f3 Nf5 31. Rd3 Rb8 32. Kf2 Qh2+ 33. Ke1
Ng3 34. Re3 b5 35. Nxg3 Qxg3+ 36. Kd2 Qf2+ 37. Re2 Qxf3 38. Ke1 b4 39. Kd2 Qf4+
40. Re3 b3 41. Ke2 b2 42. Kd2 b1=Q 43. Ke2 Rb2# 0-1

[Event "Tic-Tac-Toe"]
[Site "http://www.queenalice.com/game.php?id=824716"]
[Date "2010.8.28"]
[Round "-"]
[White "eestijama"]
[Black "REDWOLF"]
[Result "1-0"]
[WhiteElo "1660"]
[BlackElo "1686"]

1. e4 e5 2. Nf3 Nc6 3. Bb5 Bc5 4. O-O Nf6 5. Bxc6 bxc6 6. d3 d5 7. Bg5 O-O 8.
Nxe5 dxe4 9. dxe4 Qxd1 10. Rxd1 Nxe4 11. Be3 Bd6 12. Nxc6 a6 13. Nd2 f5 14. Nxe4
fxe4 15. Nd4 Bf4 16. Bxf4 Rxf4 17. Ne2 Rg4 18. h3 Rg5 19. Rd8+ Kf7 20. Ng3 Re5
21. Re1 Ke7 22. Rd4 c5 23. Rdxe4 Rxe4 24. Rxe4+ Kf7 25. Rc4 Bb7 26. Rxc5 Kg6 27.
h4 Rd8 28. h5+ Kf6 29. Rc7 Bd5 30. b3 Kg5 31. Rxg7+ Kh6 32. Rc7 Be6 33. Rc6 Re8
34. Rxa6 Kg5 35. Rd6 Bg4 36. h6 Kf4 37. Rd1 Kg5 38. Rb1 Kxh6 39. b4 Rd8 40. b5
Be6 41. Rb2 Rb8 42. a4 Bd5 43. a5 Bc6 44. c4 Kg6 45. a6 1-0

[Event "Tic-Tac-Toe"]
[Site "http://www.queenalice.com/game.php?id=824717"]
[Date "2010.8.28"]
[Round "-"]
[White "thw"]
[Black "eestijama"]
[Result "0-1"]
[WhiteElo "1819"]
[BlackElo "1629"]

1. e4 c6 2. d4 d5 3. Nc3 dxe4 4. Nxe4 Bf5 5. Ng3 Bg6 6. h4 h6 7. h5 Bh7 8. Nf3
Nf6 9. Bd3 e6 10. Bxh7 Rxh7 11. Bd2 Qb6 12. Qc1 Nbd7 13. c3 O-O-O 14. Be3 Nd5
15. O-O Bd6 16. Ne4 Qc7 17. Qc2 N7f6 18. Nxd6+ Qxd6 19. Ne5 Qc7 20. Qe2 Rhh8 21.
a4 Ne4 22. Qf3 Nef6 23. Rfc1 Nxe3 24. fxe3 Rhf8 25. b4 Nd5 26. e4 Nf6 27. Nc4
Qe7 28. e5 Nd5 29. Nd6+ Kb8 30. b5 cxb5 31. axb5 f6 32. Qe4 fxe5 33. Qxe5 Qxd6
0-1

[Event "Let's Play Chess!"]
[Site "http://www.queenalice.com/game.php?id=830776"]
[Date "2010.9.10"]
[Round "-"]
[White "eestijama"]
[Black "sioux"]
[Result "1-0"]
[WhiteElo "1681"]
[BlackElo "1621"]

1. d4 d5 2. c4 dxc4 3. e4 b5 4. Nc3 Nf6 5. Bg5 e6 6. Bxf6 Qxf6 7. Nxb5 Na6 8.
Bxc4 Bb4+ 9. Nc3 Qg6 10. Qf3 O-O 11. Ne2 Bxc3+ 12. bxc3 Bb7 13. Nf4 Qxe4+ 14.
Qxe4 Bxe4 15. Bxa6 g5 16. Bd3 Bb7 17. Ne2 Bxg2 18. Rg1 Bh3 19. Rxg5+ Kh8 20. Rh5
Bg4 21. Rxh7+ Kg8 22. O-O-O Bxe2 23. Rg1+ 1-0

[Event "AUTO-INT-1769"]
[Site "http://www.queenalice.com/game.php?id=850372"]
[Date "2010.10.25"]
[Round "2"]
[White "eestijama"]
[Black "Taimanovbr"]
[Result "0-1"]
[WhiteElo "1692"]
[BlackElo "1775"]

1. d4 d5 2. c4 c6 3. Nc3 Nf6 4. Nf3 Bf5 5. e3 e6 6. cxd5 cxd5 7. Bb5+ Nbd7 8.
Ne5 a6 9. Bxd7+ Nxd7 10. Nxd7 Qxd7 11. O-O Be7 12. Qe2 O-O 13. Re1 b5 14. Qd2
Rfc8 15. e4 dxe4 16. Nxe4 h6 17. Ng3 Bg6 18. Qf4 Rd8 19. Be3 Rac8 20. Red1 Qd6
21. Qxd6 Bxd6 22. Ne2 a5 23. Nf4 Bh7 24. Rac1 b4 25. b3 g5 26. Ne2 Kg7 27. d5
exd5 28. Rxd5 Rxc1+ 29. Nxc1 Bxh2+ 0-1

[Event "AUTO-INT-1769"]
[Site "http://www.queenalice.com/game.php?id=850373"]
[Date "2010.10.25"]
[Round "2"]
[White "Taimanovbr"]
[Black "eestijama"]
[Result "1-0"]
[WhiteElo "1788"]
[BlackElo "1679"]

1. e4 c6 2. d4 d5 3. e5 Bf5 4. Nf3 e6 5. Bd3 Bxd3 6. Qxd3 Be7 7. O-O Qc7 8. c3
c5 9. Be3 cxd4 10. cxd4 Nc6 11. a3 f6 12. Rc1 Qd7 13. Nbd2 Bd8 14. b4 Bc7 15.
Rc2 fxe5 16. b5 e4 17. bxc6 bxc6 18. Nxe4 dxe4 19. Qxe4 Ne7 20. Ne5 Bxe5 21.
dxe5 Nd5 22. Rac1 Nxe3 23. Qxe3 O-O 24. Qe4 Qd5 25. Qe2 Rf5 26. Rxc6 Rg5 27. f4
Qd4+ 28. Qf2 Qxf2+ 29. Kxf2 Rg6 30. Kf3 h5 31. Rc8+ Rxc8 32. Rxc8+ Kh7 33. Ra8
1-0

[Event "Revanche for Puerto Rico"]
[Site "http://www.queenalice.com/game.php?id=850458"]
[Date "2010.10.25"]
[Round "-"]
[White "eestijama"]
[Black "MariusLola"]
[Result "0-1"]
[WhiteElo "1712"]
[BlackElo "1637"]

1. d4 Nf6 2. c4 e6 3. Nc3 c6 4. Nf3 d5 5. e3 Bb4 6. Bd2 O-O 7. Be2 Qe7 8. Qc2
Ng4 9. c5 e5 10. O-O exd4 11. exd4 Bxc3 12. Bxc3 g6 13. Rfe1 Bf5 14. Bd3 Qc7 15.
Ne5 f6 16. Nxg4 Bxg4 17. Bxg6 hxg6 18. Qxg6+ Qg7 19. Qxg7+ Kxg7 20. Re7+ Rf7 21.
Rae1 Bh5 22. Bd2 Na6 23. Bh6+ Kxh6 24. Rxf7 Bxf7 25. f4 Nb4 26. a3 Nd3 27. Re7
Be8 28. f5 Nxb2 0-1

[Event "Challenge"]
[Site "http://www.queenalice.com/game.php?id=1281256"]
[Date "2014.5.12"]
[Round "-"]
[White "eestijama"]
[Black "arvo1938"]
[Result "0-1"]
[WhiteElo "1667"]
[BlackElo "2365"]

1. d4 Nf6 2. c4 e6 3. Nc3 d5 4. Nf3 Bb4 5. Bd2 O-O 6. Qc2 dxc4 7. e3 c5 8. Bxc4
cxd4 9. Nxd4 Bd7 10. O-O Nc6 11. Nf3 Rc8 12. Bd3 e5 13. Bxh7+ Nxh7 14. Nd5 Nd4
15. Qe4 Nxf3+ 16. Qxf3 Bxd2 17. Qh5 Qg5 18. Qe2 Ba5 19. f4 exf4 20. Nxf4 Bb5 21.
Qf2 Bxf1 22. Rxf1 Nf6 23. Nh3 Qe5 24. Nf4 Ng4 25. Qh4 Qxe3+ 26. Kh1 Rc1 27. Rxc1
Qxc1+ 28. Qe1 Qxe1# 0-1

[Event "Challenge"]
[Site "http://www.queenalice.com/game.php?id=1281409"]
[Date "2014.5.13"]
[Round "-"]
[White "Leofelix"]
[Black "eestijama"]
[Result "0-1"]
[WhiteElo "1656"]
[BlackElo "1665"]

1. e4 c5 2. Nf3 d6 3. Nc3 Nc6 4. Bc4 e6 5. O-O Nf6 6. Re1 Be7 7. d4 cxd4 8. Nxd4
Nxd4 9. Qxd4 O-O 10. e5 dxe5 11. Qxe5 Bd6 12. Qe2 Qc7 13. g3 h5 14. Ne4 b6 15.
Nxf6+ gxf6 16. Qxh5 Qxc4 17. Qd1 Rd8 18. b3 Qb5 19. Qg4+ Kf8 20. Bh6+ Ke7 21.
Qe4 Bd7 22. a4 Qc6 23. Qe2 Bb4 24. Red1 Bc8 25. Rxd8 Kxd8 26. Rd1+ Ke7 27. Qd3
Bb7 28. f3 a5 29. h4 Ba6 30. Qd4 Bc5 31. Be3 Bxd4 32. Bxd4 Qxf3 0-1

[Event "Challenge"]
[Site "http://www.queenalice.com/game.php?id=1281411"]
[Date "2014.5.13"]
[Round "-"]
[White "eestijama"]
[Black "Leofelix"]
[Result "1-0"]
[WhiteElo "1681"]
[BlackElo "1640"]

1. d4 Nf6 2. c4 d6 3. Nc3 c6 4. Nf3 Bf5 5. e3 g6 6. Bd3 Bg4 7. O-O Bg7 8. Be2 h5
9. Qb3 Qd7 10. Ng5 b6 11. Bf3 Bxf3 12. Nxf3 h4 13. e4 h3 14. g3 Qg4 15. Nd2 Nbd7
16. f3 Qe6 17. Ne2 a5 18. Nf4 a4 19. Qc2 Ng4 20. Nxe6 Ne3 21. Nxg7+ Kf8 22. Qd3
Nxf1 23. Nxf1 Kxg7 24. Bd2 Raf8 25. Ne3 f5 26. exf5 gxf5 27. Nxf5+ Kf6 28. Re1
e6 29. Nxd6 Rfg8 30. Bc3 Rxg3+ 31. Kh1 Rhg8 32. d5+ Ke7 33. Nf5+ Kf7 34. Nxg3 c5
35. dxe6+ Ke7 36. Qxd7+ 1-0